LEADER 00795nam0 2200277 450 001 000018922 005 20081106110329.0 010 $a0-387-90195-7 100 $a20081106d1976----km-y0itay50------ba 101 0 $aeng 102 $aUS 105 $ay-------001yy 200 1 $aAlgebra$fL. E. Sigler 210 $aNew York$cSpringer$dc1976 215 $aXI, 419 p.$d25 cm 225 2 $aUndergraduate texts in mathematics 410 0$12001$aUndergraduate texts in mathematics 500 10$aAlgebra$m$932630 610 1 $aAlgebra 676 $a512.02$v20$9Algebra astratta 700 1$aSigler,$bL. E.$0534531 801 0$aIT$bUNIPARTHENOPE$c20081106$gRICA$2UNIMARC 912 $a000018922 951 $aM 512.02/1$bM 164$cDSA$d2008 996 $aAlgebra$932630 997 $aUNIPARTHENOPE LEADER 01463oam 2200409 450 001 9910140333703321 005 20170523091549.0 010 $a0-7377-5107-X 035 $a(OCoLC)503584138 035 $a(MiFhGG)GVRL3HEP 035 $a(EXLCZ)992580000000001520 100 $a20100127d2010 ay 0 101 0 $aeng 135 $aurun|---uuuua 181 $ctxt 182 $cc 183 $acr 200 00$aHepatitis /$fJacqueline Langwith, book editor 210 1$aDetroit, Mich. :$cGreenhaven Press,$d2010. 215 $a1 online resource (162 pages) $ccolor illustrations, color maps 225 1 $aPerspectives on diseases and disorders 300 $aBibliographic Level Mode of Issuance: Monograph 311 $a0-7377-4553-3 320 $aIncludes bibliographical references and index. 327 $aUnderstanding hepatitis -- Controversies surrounding hepatitis -- Personal stories about hepatitis. 330 $aProvides information about diseases and disorders, focusing on controversies and first-person accounts. This volume covers symptoms, causes and effects, treatments, cures and medical advances in hepatitis. 410 0$aPerspectives on diseases and disorders. 606 $aHepatitis 615 0$aHepatitis. 676 $a616.3/623 702 $aLangwith$b Jacqueline 801 0$bMiFhGG 801 1$bMiFhGG 906 $aBOOK 912 $a9910140333703321 996 $aHepatitis$92875405 997 $aUNINA